| 000 | 00450nam a22001217a 4500 | ||
|---|---|---|---|
| 999 |
_c9744 _d9744 |
||
| 003 | OSt | ||
| 008 | 201203b ||||| |||| 00| 0 eng d | ||
| 245 | _aJournal of The Institution of Engineers (INDIA) | ||
| 250 | _a2009(Jan Vol.89 No.19, Feb Vol.89 No.18, Mar Vol.89 No.18, Mar Vol.89 No.18, Mar Vol.89 No.18, Apr Vol.90 No.17, Aug Vol.90 No.18) | ||
| 260 |
_aKolkata _bThe Institution of Engineers |
||
| 650 | _aMechanical Engineering | ||
| 942 |
_2ddc _cBV |
||